000
00289nam a22001337a 4500
008
170911b xxu||||| |||| 00| 0 eng d
020
_a
9780073527604
041
_a
eng
080
_2
6TH
_a
91
100
_a
42
101
_a
GJEO
245
_a
WORLD GEOGRAPHY
_c
ALLEN,J.L
942
_2
udc
_c
BK
999
_c
26966
_d
26966